000 01176nem0a2200277 4500
001 RU\NLR\BIBL_A\022757955
005 20260426080739.0
035 _a(NLR Aleph) 022757955
090 _a13697085
_c13697085
100 _a20260318d1978 m y0rusy50 ca
101 0 _arus
102 _aRU
120 _abyy xx||
123 1 _aa
_b400000
200 1 _aАджарская АССР
_bКарты
_eЭкономичсеская учебная карта
_fСост. и подгот. к печати фабрикой №8 ГУГК в 1978 г.
_gРед. И.А. Гогоберишвили
206 _a1:400 000, 4 км в 1 см
210 _aМосква
_cГУГК
_d1978
215 _a1 к
_cцв., диагр.
_d38х46 см
509 0 1 _7ca
_aАджарская
_hАССР
_92701352
_3RU\NLR\AUTH\5509992
606 1 _aЭкономика
_jКарты учебные для средней школы
_jКарты
_91414491
_3RU\NLR\auth\66284709
607 _aАджарская АССР
_jКарты
_9913225
_3RU\NLR\AUTH\6614259
702 1 _aГогоберишвили
_bИ.А.
_4340
852 _aNLR
_bК
_j4-кав 1/1076
_m67571
_t67572
942 _cMAP
980 _aNB